Smart dust : sensor network applications, architecture, and design (Record no. 8724)
[ view plain ]
| 000 -LEADER | |
|---|---|
| fixed length control field | 00774 a2200193 4500 |
| 020 ## - INTERNATIONAL STANDARD BOOK NUMBER | |
| International Standard Book Number | 084937037X |
| 020 ## - INTERNATIONAL STANDARD BOOK NUMBER | |
| International Standard Book Number | 9780849370373 |
| 040 ## - CATALOGING SOURCE | |
| Original cataloging agency | DLC |
| Language of cataloging | DLC |
| 082 ## - DEWEY DECIMAL CLASSIFICATION NUMBER | |
| Classification number | 681.2 |
| 245 00 - TITLE STATEMENT | |
| Title | Smart dust : sensor network applications, architecture, and design |
| Remainder of title | sensor network applications, architecture, and design |
| Statement of responsibility, etc. | Mohammad Ilyas and Imad Mahgoub. |
| 246 3# - VARYING FORM OF TITLE | |
| Title proper/short title | Smart dust [electronic resource] |
| 260 ## - PUBLICATION, DISTRIBUTION, ETC. | |
| Place of publication, distribution, etc. | Boca Raton, FL : |
| Name of publisher, distributor, etc. | Taylor & Francis, |
| Date of publication, distribution, etc. | 2006. |
| 300 ## - PHYSICAL DESCRIPTION | |
| Extent | 1 v. (various pagings ) : |
| Other physical details | ill. ; |
| Dimensions | 26 cm. |
| 650 #0 - SUBJECT ADDED ENTRY--TOPICAL TERM | |
| Topical term or geographic name entry element | Sensor networks. |
| 700 1# - ADDED ENTRY--PERSONAL NAME | |
| Personal name | Ilyas, Mohammad, |
| Dates associated with a name | 1953- |
| 700 1# - ADDED ENTRY--PERSONAL NAME | |
| Personal name | Mahgoub, Imad. |
| 856 41 - ELECTRONIC LOCATION AND ACCESS | |
| Uniform Resource Identifier | <a href="http://libproxy1.nus.edu.sg/login?url=http://www.telecommunicationsnetbase.com.libproxy1.nus.edu.sg/books/4444/7037_fm.pdf">http://libproxy1.nus.edu.sg/login?url=http://www.telecommunicationsnetbase.com.libproxy1.nus.edu.sg/books/4444/7037_fm.pdf</a> |
| 942 ## - ADDED ENTRY ELEMENTS (KOHA) | |
| Koha item type | Book |
| Call number prefix | 681.2 MAH |
| Source of classification or shelving scheme | |
| Withdrawn status | Lost status | Damaged status | Not for loan | Collection code | Permanent Location | Current Location | Shelving location | Date acquired | Source of acquisition | Cost, normal purchase price | Total Checkouts | Full call number | Barcode | Date last seen | Price effective from | Koha item type |
|---|---|---|---|---|---|---|---|---|---|---|---|---|---|---|---|---|
| Central Library (CL) | Central Library (CL) | General Stacks | 06/02/2006 | A&J DEF Tek Consultant | 5619.82 | 681.2 MAH | SEECS007394 | 11/14/2012 | 01/05/2017 | Book |
